serun
ՀԱՅ ԳԻՐՔ = Armenian Book

Ասնիէր ճինայէթի եախօտ պիր ճանվէր գարը = (Record no. 166198)

000 -LEADER
fixed length control field nam a22 a 4500
003 - CONTROL NUMBER IDENTIFIER
control field AM-YeNLA
005 - DATE AND TIME OF LATEST TRANSACTION
control field 20260409170856.0
006 - FIXED-LENGTH DATA ELEMENTS--ADDITIONAL MATERIAL CHARACTERISTICS
fixed length control field a||||gr|||| 000 f
007 - PHYSICAL DESCRIPTION FIXED FIELD--GENERAL INFORMATION
fixed length control field ta
008 - FIXED-LENGTH DATA ELEMENTS--GENERAL INFORMATION
fixed length control field 260409s1885 tu ||||gr|||| 000 f tur |
040 ## - CATALOGING SOURCE
Original cataloging agency AM-YeNLA
Language of cataloging arm
Transcribing agency AM-YeNLA
041 1# - LANGUAGE CODE
Language code of text/sound track or separate title tur
Language code of original fre
100 1# - MAIN ENTRY--PERSONAL NAME
Personal name Մոնթեպեն, Քսավիե դը,
Dates associated with a name 1823-1902
9 (RLIN) 39603
245 10 - TITLE STATEMENT
Title Ասնիէր ճինայէթի եախօտ պիր ճանվէր գարը =
Remainder of title [Ասնիերի ոճիրը կամ հրեշ կինը] ։
Number of part/section of a work Հտ. 1-ին ;
-- Հտ. 2-րդ /
Statement of responsibility, etc. Ք. տը Մօնթէբէն ; Միւթէրճիմի՝ Կարապետ Յ. Փանոսեան.
246 13 - VARYING FORM OF TITLE
Title proper/short title [Ասնիերի ոճիրը կամ հրեշ կինը]
260 ## - PUBLICATION, DISTRIBUTION, ETC. (IMPRINT)
Place of publication, distribution, etc. Իսթանպօլ :
Name of publisher, distributor, etc. Թապխանէի մանզումէի էֆքեար,
Date of publication, distribution, etc. 1885.
300 ## - PHYSICAL DESCRIPTION
Extent 279+286 էջ ;
Dimensions 23 սմ.
500 ## - GENERAL NOTE
General note Երկու հատորը՝ մեկ կազմում՝ առանձին էջակալությամբ ։
500 ## - GENERAL NOTE
General note Գիրքը թվայնացվել է Հայաստանի ազգային գրադարանում 2026 թ. ապրիլին ։
650 14 - SUBJECT ADDED ENTRY--TOPICAL TERM
9 (RLIN) 36205
Topical term or geographic name as entry element Ֆրանսիական արձակ
650 24 - SUBJECT ADDED ENTRY--TOPICAL TERM
9 (RLIN) 39188
Topical term or geographic name as entry element Հայատառ թուրքերեն գրքեր
700 1# - ADDED ENTRY--PERSONAL NAME
Relator code trl
Personal name Թյությունճյան, Մկրտիչ Սարգսի,
Dates associated with a name ?-1896
Relator term թարգմ.
700 1# - ADDED ENTRY--PERSONAL NAME
Relator code pbl
Personal name Պիպէրեան, Կարապետ
Relator term հրատ.
9 (RLIN) 35332
856 41 - ELECTRONIC LOCATION AND ACCESS
Uniform Resource Identifier https://haygirk.nla.am/upload/1512-1940/1851-1900/montheben_anier_tchinayethi_eakhot_1885.pdf
Link text Կարդալ առցանց
942 ## - ADDED ENTRY ELEMENTS (KOHA)
Source of classification or shelving scheme
Koha item type Books
998 ## - LOCAL CONTROL INFORMATION (RLIN)
Cataloger's initials, CIN (RLIN) AS
Holdings
Withdrawn status Lost status Source of classification or shelving scheme Damaged status Not for loan Permanent Location Current Location Date acquired Full call number Date last seen Price effective from Koha item type
          National Library of Armenia National Library of Armenia 2026-04-09 ՀԱԳ 2026-04-09 2026-04-09 Books

Հայաստանի ազգային գրադարան ՀՀ, 0009,Երևան, Տերյան 72
Հետադարձ կապ